Statistics for All Jailbreak Robberies and Heists

Click here to take the quiz!

General Stats

  • This quiz has been taken 38 times
    (13 since last reset)
  • The average score is 12 of 15

Answer Stats

Answer% Correct
Donut Shop
100%
Bank
89%
Cargo Ship
89%
Gas Station
89%
Jewelry Store
89%
Museum
89%
Tomb
89%
Cargo Plane
78%
Cargo Train
78%
Casino
78%
Power Plant
78%
Bank Truck
67%
Mansion
67%
Oil Rig
67%
Passenger Train
67%

Score Distribution

Percentile by Number Answered

Percent of People with Each Score

Your Score History

You have not taken this quiz since the last reset